Dakika dakika FETÖ'nün darbe grişimi (Record no. 9903)

MARC details
000 -BAŞLIK
Sabit Uzunlukta Kontrol Alanı 01132na a2200301 4500
001 - KONTROL NUMARASI
Denetim Alanı 16888
003 - KONTROL NUMARASI IDENTIFIER
Denetim Alanı MIRAKIL
005 - SON İŞLEM TARİHİ VE ZAMANI
Denetim Alanı 20181213155301.0
008 - SABİT-BOY VERİ ELEMANLARI - GENEL BİLGİLER
Sabit Uzunlukta Kontrol Alanı 170522b tu 000 0
020 ## - ULUSLARARASI STANDART KİTAP NUMARASI
Uluslararası Standart Kitap Numarası 9786059075220
035 ## - SİSTEM KONTROL NUMARASI
Sistem Kontrol Numarası 16888
040 ## - KATALOGLAMA KAYNAK
Orijinal Kataloglama Ajansı Milas
Kataloglama Dili tur
Metne Dönüştürmek Ajansı TR-AnCHP
041 ## - DİL KODU
Metin / Ses Parça Veya Ayrı Başlığın Dil Kodu tur
082 ## - DEWEY ONLU SINIFLANDIRMA NUMARASI
Sınıflandırma Numarası 363.64
Ürün Numarası D24 2016
090 ## - SINIFLAMA NUMARASI
Sınıflama Numarası 363.64 D24 2016
245 ## - BAŞLIK TABLOSU
Başlık Dakika dakika FETÖ'nün darbe grişimi
Başlığın Kalan 15 Temmuz 2016
Sorumluluk Tablosu, Vb [editör] Anadolu Ajansı Genel Müdürlüğü Görsel Haberler Yayın Yönetmenliği ve Kurumsal İletişim Direktörlüğü
260 ## - YAYIN, DAĞITIM, VB
Yayın, Dağıtım, Vb Yeri Ankara
Yayıncı, Dağıtıcı, Vs Adı Anadolu Ajansı
Yayın, Dağıtım, Vb Tarihi 2016
300 ## - FİZİKSEL TANIM
Kapsam 88 s.
Diğer Fiziksel Ayrıntıları fotğ.; grf.; hrt.
Boyutlar 30 sm.
490 ## - SERİSİ TABLOSU
Seri Beyanı Anadolu Ajansı yayınları
Hacim / Ardışık Tanımı 28
600 ## - KONU KATMA GİRİŞ - KURUMSAL ADI
Kişisel Ad Gülen, Fethullah
650 ## - KONU KATMA GİRİŞ - TOPİKAL DÖNEM
Topikal Süreli Veya Coğrafi Ad Giriş Elemanı Gülen cemaati
Form Alt Bölümü 15 Temmuz 2016
650 ## - KONU KATMA GİRİŞ - TOPİKAL DÖNEM
Topikal Süreli Veya Coğrafi Ad Giriş Elemanı Fethullahçı Terör Örgütü (FETÖ)
Genel Alt Bölümü 15 Temmuz 2016
651 ## - KONU KATMA GİRİŞ - COĞRAFİ ADI
Coğrafi İsim Türkiye
Genel Alt Bölümü Siyasal tarih
Kronolojik Alt Bölümü 15 Temmuz 2016
651 ## - KONU KATMA GİRİŞ - COĞRAFİ ADI
Coğrafi İsim Türkiye
Genel Alt Bölümü Siyaset ve yönetim
Kronolojik Alt Bölümü 1980-
710 ## - KATMA GİRİŞ - KURUMSAL ADI
Giriş Elemanı Olarak Kurumsal Ad Veya Yargı Alanı Adı Anadolu Ajansı Genel Müdürüğü
Alt Birim Görsel Haberler Yayın Yönetmenliği ve Kurumsal İletişim Direktörlüğü
942 ## - EKLENDİ GİRİŞ ELEMANLARI (KOHA)
Sınıflandırma Veya Raf Düzeni Kaynak
Koha Öğesi Türü Books
999 ## - SİSTEM KONTROL NUMARALARI (KOHA)
Koha Biblionumber 9903
Koha Biblioitemnumber 9903
657 ## - INDEX SÜRE - İŞLEVİ
-- Fetö
Holdings
Kalıcı Konum Mevcut Konum Edinme Tarihi Edinim Kaynak Toplam Check-Out'Lar Tam Çağrı Numarası Barkod Tarih Son Görülme İtibaren Geçerli Fiyatlar Koha Öğesi Türü
CHP Kütüphanesi CHP Kütüphanesi 10/17/2016 Bağış   363.64 D24 2016 005779 10/17/2016 10/17/2016 Books